Finančné nástroje ako predmet účtovníctva

Právna úprava, účtovanie príslušných druhov finančných nástrojov a poukázanie na niektoré ďalšie problémové okruhy, ktoré súvisia s problematikou finančných nástrojov ako predmetu účtovníctva.

Salvato in:
Dettagli Bibliografici
Autore principale: Juríková, Renáta
Natura: Capitolo di libro
Lingua:slovacco
Soggetti:
Tags: Aggiungi Tag
Nessun Tag, puoi essere il primo ad aggiungerne!!

MARC

LEADER 00000naa$a2200000$$$4500
001 0031742
005 20230118073537.3
041 0 |a slo 
044 |a SK 
245 1 0 |a Finančné nástroje ako predmet účtovníctva  |c Renáta Juríková 
520 |a Právna úprava, účtovanie príslušných druhov finančných nástrojov a poukázanie na niektoré ďalšie problémové okruhy, ktoré súvisia s problematikou finančných nástrojov ako predmetu účtovníctva. 
610 2 0 |a nástroje finančné 
610 2 0 |a papiere cenné 
610 2 0 |a účtovníctvo 
610 2 0 |a majetok finančný 
610 2 0 |a účty 
100 1 |a Juríková, Renáta